| 000 | 00500nam a2200181 a 4500 | ||
|---|---|---|---|
| 005 | 20140310183347.0 | ||
| 008 | 070212s19uu xx 00 eng d | ||
| 020 | _a0071232133 | ||
| 050 |
_aQD 453.3 _b.L48 2003 |
||
| 100 | _aLevine, Ira N. | ||
| 245 |
_aPhysical chemistry / _cIra N. Levine. |
||
| 250 | _a5th ed. | ||
| 260 |
_aBoston : _bMcGraw-Hill, _c2003. |
||
| 300 |
_a986 p. : _bill. ; _c26 cm. |
||
| 650 | _aChemistry, Physical and theoretical. | ||
| 942 |
_cBK _2lcc _kFOR |
||
| 999 |
_c21954 _d21954 |
||